| 000 | 00751nam a22002177a 4500 | ||
|---|---|---|---|
| 999 |
_c14862 _d14862 |
||
| 003 | MIRAKIL | ||
| 005 | 20220318150545.0 | ||
| 008 | 220318b tu ||||| |||| 00| 0 tur d | ||
| 040 |
_aTR-AnCHP _cTR-AnCHP |
||
| 041 | _atur | ||
| 082 |
_a328.9561 _bY91s 1983 |
||
| 100 | 1 | _aYücekök, Ahmet N. | |
| 245 | 1 | 0 |
_aSiyaset sosyolojisi açısından Türkiye'de parlamentonun evrimi / _cAhmet N. Yücekök. |
| 260 |
_aAnkara : _bAnkara Üniv. Siyasal Bilgiler Fakültesi, _c1983. |
||
| 300 |
_ax, 266 s. : _btbl. ; _c24 sm. |
||
| 490 | 0 |
_aAnkara Üniversitesi Siyasal Bilgiler Fakültesi yayınları ; _v533. |
|
| 504 | _akaynakça vardır. | ||
| 650 | 0 |
_95626 _aParlamento _xTarih _zTürkiye |
|
| 650 | 0 |
_95875 _aSiyaset sosyolojisi |
|
| 942 |
_2ddc _cBKS |
||